Maps of Dum dum And its environs: (Record no. 194105)

MARC details
000 -LEADER
fixed length control field 00595nam a22001817a 4500
005 - DATE AND TIME OF LATEST TRANSACTION
control field 20250128104834.0
010 ## - LCCN (DPL NO)
LC control number ENG-135778
020 ## - INTERNATIONAL STANDARD BOOK NUMBER
International Standard Book Number 9789352819720
Terms of availability 800.00
035 ## - SYSTEM CONTROL NUMBER
System control number EN-119310
037 ## - SOURCE OF ACQUISITION
Source of stock number/acquisition DBAD
082 ## - DEWEY DECIMAL CLASSIFICATION NUMBER
Classification number 954.52
245 ## - TITLE STATEMENT
Title Maps of Dum dum And its environs:
Statement of responsibility, etc ed by Moumita Saha
Remainder of title and its environs
260 ## - PUBLICATION, DISTRIBUTION, ETC. (IMPRINT)
Place of publication, distribution, etc Kolkata
Name of publisher, distributor, etc Shyamal Kumar Ghosh
Date of publication, distribution, etc 2017
270 ## - ADDRESS
Address 659 Jesssore Road, Green Park, Block A
City Kolkata
Postal code 700055
Electronic mail address deshkal_kol@yahoo.com
300 ## - PHYSICAL DESCRIPTION
Extent 55p.
Other physical details References
Dimensions 28cm(hbk)
700 ## - ADDED ENTRY--PERSONAL NAME
Personal name Saha, Moumita
9 (RLIN) 77178
942 ## - ADDED ENTRY ELEMENTS (KOHA)
Source of classification or shelving scheme Dewey Decimal Classification
Item type English Books
Call number suffix MAP
Classification part 954.52
Holdings
Withdrawn status Lost status Not for loan Collection code Home library Current library Date acquired Source of acquisition Cost, normal purchase price Full call number Barcode Copy number Cost, replacement price Koha item type
      Reference Central Library Central Library 07/12/2022 DBAD 800.00 954.52 MAP EN-119310 1 800.00 English Books

© Delhi Public Library
Hit Counter
free hit counter